000 00309cam a2200133 a 4500
020 _a2221009800
040 _cIaU
082 _a843 R.L 1982 A092 Or.
100 1 _aMichelet, Claude,
245 1 0 _aRocheflame :
_broman /
260 0 _aParis :
_bR. Laffont,
_c1982.
300 _a219 p. ;
_c22 cm.
942 _cFB
999 _c11868
_d11868